00617nam a2200181Ia 4500952014500000999001700145003000400162005001700166008004100183040000900224082002200233100001700255245003400272260004600306300000800352650002400360942005100384 00102ddc40708SPORTS AND GAMESaMESbMEScPHYSd2019-02-20g12.00l0o796.420922 NEL/Ap17866r2019-02-20 00:00:00w2019-02-20yBKzU22R2 c35975d35975OSt20201130145718.0190216s9999||||xx |||||||||||||| ||und|| coclc a796.420922bNEL/A aNelson97054 0aAthletics Champions /cNelson bInter India Publications, c1997.aDelhi: a80p aGeneral Collections cREF2ddch796.420922iNEL/Ak796.420922mNEL/A